The complete idiot's guide to Linux
Αποθηκεύτηκε σε:
| Κύριος συγγραφέας: | |
|---|---|
| Μορφή: | Βιβλίο |
| Γλώσσα: | English |
| Δημοσίευση: |
Indianapolis, Ind. :
Que,
c1998.
|
| Θέματα: | |
| Ετικέτες: |
Προσθήκη ετικέτας
Δεν υπάρχουν, Καταχωρήστε ετικέτα πρώτοι!
|
MARC
| LEADER | 00000cam a2200000 i 4500 | ||
|---|---|---|---|
| 001 | 1/915 | ||
| 008 | 000511s1998 inu| ||| |||| ||eng|| | ||
| 020 | |a 078971826X | ||
| 035 | |l 10059828 | ||
| 040 | |a GR-MyUa |b gre |e AACR2 | ||
| 041 | 0 | |a eng | |
| 082 | 7 | |a 005.4469 |2 (22) | |
| 100 | 1 | |a Ricart, Manuel Alberto. | |
| 245 | 1 | 4 | |a The complete idiot's guide to Linux / |c by Manuel Alberto Ricart. |
| 260 | |a Indianapolis, Ind. : |b Que, |c c1998. | ||
| 300 | |a vi, 336 σ. : |b εικ. |c 23 εκ. + |e 1 οπτική δισκέτα λέιζερ Η/Υ (4 3/4 ίν.) | ||
| 500 | |a Περιλαμβάνει ευρετήριο. | ||
| 630 | 0 | 0 | |a Linux. |
| 650 | 0 | 0 | |a Operating systems (Computers) |
| 852 | |a INST |b SAMOS |e 20000511 |h 005.4469 RIC |p 005300017589 |q 005300017589 |t BK |y 0 | ||
| 852 | |a INST |b SAMOS |e 20000511 |h 005.4469 RIC |p 005300017499 |q 005300017499 |t BK |y 0 | ||
| 901 | |a BIBL3-2000-2 | ||
| 922 | |a 3ΕΛΗ |b 199909 |c ΤΠΕΣ |d ΠΑΠΑΣΩΤΗΡΙΟΥ | ||
| 950 | |a 133-1999-07-20 | ||
| 970 | |a ΓΕΝΟΥΖΟΥ |b ΧΡΥΣΑΝΘΗ |z 2000/05/11 | ||